000 01316cam a22003974i 4500
003 PE-LiUPU
005 20250731173202.0
008 150625s r 000 0 d
035 _a(Sirsi) a30233
040 _aPE-LiUPU
_bspa
_cPE-LiUPU
_erda
082 0 4 _a205
_bAB/29/C74
_221
100 1 _aConzelmann, Hans,
_eautor.
245 1 0 _aEpístolas de la Cautividad.
264 1 _aMadrid :
_bEdiciones fax,
_c1972.
300 _a283 páginas ;
_c21 cm.
336 _atext
_2rdacontent
337 _aunmediated
_2rdamedia
338 _avolume
_2rdacarrier
505 0 _aEpistola a los Efesios. -Epistola a los filipenses. -Epistola a alos colosenses. -Epistola a Filemon.
526 _aSEG42
526 _aSEG41
526 _aSEG40
526 _aSEG39
526 _aP94
526 _aP87
526 _aP86
526 _aP85
526 _aP77
526 _aP76
526 _aP35
942 _2ddc
_cBOOK
949 _a205 AB/29/C74
_wDEWEY
_c1
_i37229
_lCCODEBUL1
_mBUL
_p00.00
_r0
_sY
_tBOOK
_u2015-06-25
_xBIBLIOTECA
_zUNKNOWN
_0COMPRA
_o.STAFF. Colección General
596 _a1
999 _a205 AB/29/C74
_wDEWEY
_c37667
_i37229
_f2021-11-11
_g5
_lCCODEBUL1
_mBUL
_r0
_sY
_tBOOK
_u2015-6-25
_xTEOLOGIA
_zUNKNOWN
_0COMPRA
_o.STAFF. Colección General
_d37667
980 _81
_gALBERTO SANCHEZ Responsable de Automatización